| 000 | 01936nam a22002417a 4500 | ||
|---|---|---|---|
| 003 | OSt | ||
| 005 | 20210303152829.0 | ||
| 008 | 210303s1985 mx ||||er|||| 00| 0 spa d | ||
| 020 | _a9681502396 | ||
| 040 |
_aCO-JMCR _cCO-JMCR |
||
| 041 | 0 | _aspa | |
| 082 | 0 | 4 |
_a573.2 / _bD228o _223 |
| 100 | 1 |
_aDarwin, Charles, _eautor _914317 |
|
| 245 | 1 | 0 |
_aEl origen del hombre / _cCharles Darwin |
| 250 | _a6a. edición | ||
| 260 |
_aMéxico : _bEditores Mexicanos Unidos, _c1985 |
||
| 300 |
_a195 páginas ; _c18 cm. |
||
| 500 | 0 | _aPruebas de que el hombre desciende de una forma inferior -- Facultades mentales del hombre y de los animales inferiores -- Las facultades mentales del hombre y de los animales inferiores (continuación) -- Modo como el hombre se ha desarrollado de alguna forma inferior -- Desarrollo de las facultades morales e intelectuales en los tiempos primitivos y en los civilizados -- Afinidad y genealogía del hombre -- Las razas humanas | |
| 520 | 3 | _aA partir de la segunda mitad del Siglo XX, el pensamiento científico habia sufrido una transformación revolucionaria con la aparición de la obra de Carlos Darwin El origen de las especies. Si bien es cierto que muchos autores anteriores a Darwin se habían preocupado por el problema de la evolución de las especies, el fue el primero en proponer que estas no son invariables, sino que, basado en su teoría de la selección natural, postulaba que cambiaban constantemente. Darwin, no habla en su obra, explícitamente, del problema del origen de los seres vivos, pero ciertamente daban un marco de referencia estrictamente materialista para estudiarlo, restando con ello toda invalidez al pensamiento vitalista, una obra imprescindible que, además, puede leerse como un apasionante relato sobre el nacimiento del mundo y el comienzo de la vida inteligente. | |
| 650 | 1 | 4 |
_aOrigen del ser humano _914318 |
| 650 | 2 | 4 |
_aEvolucion humana _911694 |
| 942 |
_2ddc _cBK |
||
| 999 |
_c7431 _d7431 |
||